[Event "Baden-ch U14"]
[Site "Karlsruhe"]
[Date "2007.01.04"]
[Round "6"]
[White "Petermann, Michail"]
[Black "Ohnmacht, Simon"]
[Result "1-0"]
[WhiteElo "1913"]
[BlackElo "1598"]
[PlyCount "123"]
[EventDate "2007.01.02"]
[EventType "swiss"]
[EventRounds "7"]
[EventCountry "GER"]
[SourceTitle "EXT 2008"]
[Source "ChessBase"]
[SourceDate "2007.11.25"]
[SourceVersion "1"]
[SourceVersionDate "2007.11.25"]
[SourceQuality "1"]

1. e4 c5 2. Nf3 Nc6 3. d4 cxd4 4. Nxd4 Nf6 5. Nc3 e5 6. Ndb5 a6 7. Nd6+ Bxd6 8. Qxd6 Qe7 9. Qxe7+ Kxe7 10. Bg5 h6 11. Nd5+ Kd8 12. Bxf6+ gxf6 13. Nxf6 Nb4 14. Kd2 Ke7 15. Nd5+ Nxd5 16. exd5 d6 17. Bd3 Bd7 18. c4 b6 19. Ke3 a5 20. a3 a4 21. Rhb1 Rhb8 22. b4 Ra7 23. Ra2 f6 24. Rf1 Rf8 25. f4 Raa8 26. Raf2 Bg4 27. Bg6 Rg8 28. f5 Rac8 29. Rc2 Rxg6 30. fxg6 Rg8 31. h3 Bd7 32. g4 Rxg6 33. Rcf2 Bc8 34. Kd2 h5 35. gxh5 Rh6 36. Kc3 Bxh3 37. Rh1 Bg4 38. b5 f5 39. Kb4 e4 40. Kxa4 e3 41. Re1 e2 42. Rfxe2+ Bxe2 43. Rxe2+ Kd7 44. Rh2 f4 45. Kb4 Kc7 46. a4 f3 47. a5 Rf6 48. Rf2 Kb7 49. h6 bxa5+ 50. Kxa5 Rxh6 51. Rxf3 Rh7 52. b6 Rh1 53. Rf7+ Kb8 54. Kb5 Rc1 55. Rd7 Kc8 56. Rxd6 Kb7 57. Rd7+ Kc8 58. Rh7 Kb8 59. c5 Kc8 60. Kc6 Kd8 61. d6 Ke8 62. d7+ 1-0

[Event "Baden-ch U14"]
[Site "Karlsruhe"]
[Date "2007.01.03"]
[Round "2"]
[White "Giesler, Julius"]
[Black "Ohnmacht, Simon"]
[Result "1/2-1/2"]
[WhiteElo "1726"]
[BlackElo "1598"]
[PlyCount "52"]
[EventDate "2007.01.02"]
[EventType "swiss"]
[EventRounds "7"]
[EventCountry "GER"]
[SourceTitle "EXT 2008"]
[Source "ChessBase"]
[SourceDate "2007.11.25"]
[SourceVersion "1"]
[SourceVersionDate "2007.11.25"]
[SourceQuality "1"]

1. e4 c5 2. Nf3 Nc6 3. d4 cxd4 4. Nxd4 e5 5. Nb5 d6 6. N1c3 a6 7. Na3 b5 8. Nd5 Nf6 9. Bg5 Be7 10. Bxf6 Bxf6 11. c3 Ne7 12. c4 Qa5+ 13. Qd2 Qxd2+ 14. Kxd2 Nxd5 15. cxd5 Bg5+ 16. Ke1 f5 17. f3 Rf8 18. Bd3 fxe4 19. Bxe4 Bf5 20. Rf1 Rc8 21. Bxf5 Rxf5 22. Rf2 Rf7 23. Nc2 Rfc7 24. Nb4 Rc1+ 25. Rxc1 Rxc1+ 26. Ke2 a5 1/2-1/2

[Event "Baden-ch U14"]
[Site "Karlsruhe"]
[Date "2007.01.03"]
[Round "3"]
[White "Ohnmacht, Simon"]
[Black "Pfatteicher, Lukas"]
[Result "1-0"]
[WhiteElo "1598"]
[BlackElo "1329"]
[PlyCount "61"]
[EventDate "2007.01.02"]
[EventType "swiss"]
[EventRounds "7"]
[EventCountry "GER"]
[SourceTitle "EXT 2008"]
[Source "ChessBase"]
[SourceDate "2007.11.25"]
[SourceVersion "1"]
[SourceVersionDate "2007.11.25"]
[SourceQuality "1"]

1. f4 d5 2. Nf3 Nc6 3. b3 Nf6 4. e3 Bf5 5. Bb5 e6 6. Bb2 Bd6 7. 0-0 0-0 8. Bxc6 bxc6 9. h3 c5 10. d3 h6 11. Nbd2 Re8 12. Qe1 Bh7 13. Qf2 Qe7 14. Kh1 Nd7 15. Rab1 Rf8 16. Qg3 f6 17. Nh4 e5 18. Rbe1 Qf7 19. Qg4 Rad8 20. Nf5 Bxf5 21. Qxf5 h5 22. h4 g6 23. Qh3 Rde8 24. f5 Re7 25. g4 Kh7 26. fxg6+ Qxg6 27. Rg1 Rg8 28. g5 e4 29. gxf6 Qf7 30. fxe7 Bxe7 31. Rxg8 1-0

[Event "Stuttgart-chB int"]
[Site "Ditzingen"]
[Date "2006.05.26"]
[Round "3"]
[White "Ohnmacht, Simon"]
[Black "Muff, Simon"]
[Result "1-0"]
[WhiteElo "1460"]
[BlackElo "1300"]
[PlyCount "90"]
[EventDate "2006.05.25"]
[EventType "swiss"]
[EventRounds "7"]
[EventCountry "GER"]
[SourceTitle "EXT 2018"]
[Source "ChessBase"]
[SourceDate "2017.10.13"]
[SourceVersion "1"]
[SourceVersionDate "2017.10.13"]
[SourceQuality "1"]

1. e4 c5 2. Nf3 d6 3. d4 cxd4 4. Nxd4 Nf6 5. Nc3 g6 6. f3 Bg7 7. Be3 0-0 8. Qd2 Nc6 9. Bc4 Bd7 10. h4 h5 11. 0-0-0 Rc8 12. Nxc6 Rxc6 13. Bb5 Rxc3 14. Qxc3 Bxb5 15. Qd2 Qb8 16. Rdg1 b6 17. Bh6 Qc7 18. Bxg7 Kxg7 19. c3 Bc4 20. a3 a5 21. g4 Rh8 22. g5 Nd7 23. f4 Rf8 24. Qd4+ Kg8 25. Rd1 f6 26. f5 Ne5 27. Rh3 Kh7 28. Rg3 Be2 29. fxg6+ Nxg6 30. Rd2 Bg4 31. Rf2 e5 32. Qd5 fxg5 33. Rxf8 Nxf8 34. hxg5 Ne6 35. Rxg4 hxg4 36. Qxe6 g3 37. Qh3+ Kg7 38. Qxg3 Qf7 39. Qh4 Qf1+ 40. Kc2 Qf7 41. Qh6+ Kg8 42. Qxd6 Qf2+ 43. Qd2 Qxd2+ 44. Kxd2 Kg7 45. Kd3 b5 1-0

[Event "Pforzheim2"]
[Site "Pforzheim"]
[Date "2005.11.01"]
[Round "8"]
[White "Gremmelmaier, Thomas"]
[Black "Ohnmacht, Simon"]
[Result "0-1"]
[WhiteElo "1081"]
[BlackElo "1523"]
[PlyCount "40"]
[EventDate "2005.10.29"]
[EventType "tourn"]
[EventRounds "9"]
[EventCountry "GER"]
[SourceTitle "EXT 2007"]
[Source "ChessBase"]
[SourceDate "2006.11.23"]
[SourceVersion "1"]
[SourceVersionDate "2006.11.23"]
[SourceQuality "1"]

1. e4 d5 2. exd5 Nf6 3. Nc3 Nxd5 4. Nxd5 Qxd5 5. d3 Nc6 6. Nf3 Bg4 7. Be2 0-0-0 8. 0-0 e6 9. Be3 h5 10. h3 Bxf3 11. Bxf3 Qe5 12. c3 Bd6 13. g3 h4 14. Bf4 Qf5 15. Bg4 Qg6 16. Qf3 f5 17. Bxf5 exf5 18. Bxd6 Rxd6 19. Rad1 hxg3 20. Qxg3 Rxh3 0-1

[Event "Pforzheim2"]
[Site "Pforzheim"]
[Date "2005.10.31"]
[Round "5"]
[White "Ohnmacht, Simon"]
[Black "Leistner, Samuel"]
[Result "1-0"]
[WhiteElo "1523"]
[BlackElo "1030"]
[PlyCount "53"]
[EventDate "2005.10.29"]
[EventType "tourn"]
[EventRounds "9"]
[EventCountry "GER"]
[SourceTitle "EXT 2007"]
[Source "ChessBase"]
[SourceDate "2006.11.23"]
[SourceVersion "1"]
[SourceVersionDate "2006.11.23"]
[SourceQuality "1"]

1. e4 d5 2. exd5 Qxd5 3. Nc3 Qa5 4. d4 Nf6 5. Bd2 c6 6. Nf3 Bg4 7. Bd3 e6 8. h3 Qh5 9. Be2 Bd6 10. Be3 0-0 11. Qd2 Re8 12. 0-0-0 Bxf3 13. gxf3 Qa5 14. Kb1 Nbd7 15. Rhg1 Nh5 16. Rg5 f5 17. Rxh5 Nf6 18. Rg5 g6 19. Rdg1 Rad8 20. R5g2 e5 21. Bg5 Be7 22. Bc4+ Kh8 23. Bxf6+ Bxf6 24. Rxg6 exd4 25. Qh6 dxc3 26. Rg8+ Rxg8 27. Qxf6+ 1-0

[Event "Pforzheim2"]
[Site "Pforzheim"]
[Date "2005.10.31"]
[Round "7"]
[White "Ohnmacht, Simon"]
[Black "Selensky, Stefan"]
[Result "1-0"]
[WhiteElo "1523"]
[BlackElo "967"]
[PlyCount "73"]
[EventDate "2005.10.29"]
[EventType "tourn"]
[EventRounds "9"]
[EventCountry "GER"]
[SourceTitle "EXT 2007"]
[Source "ChessBase"]
[SourceDate "2006.11.23"]
[SourceVersion "1"]
[SourceVersionDate "2006.11.23"]
[SourceQuality "1"]

1. f4 d5 2. Nf3 c5 3. e3 Nc6 4. b3 e6 5. Bb2 Nf6 6. Bb5 Bd7 7. 0-0 Bd6 8. d3 0-0 9. Nbd2 a6 10. Bxc6 Bxc6 11. Ne5 Bxe5 12. Bxe5 d4 13. exd4 cxd4 14. Nf3 Bxf3 15. Qxf3 Rc8 16. Qxb7 Rxc2 17. Qxa6 Qd5 18. Rf2 Rxf2 19. Kxf2 Ng4+ 20. Kg3 Nxe5 21. fxe5 Qxe5+ 22. Kf2 Qf5+ 23. Kg1 e5 24. b4 e4 25. dxe4 Qxe4 26. Rd1 Rd8 27. Qd3 Qd5 28. a4 Ra8 29. Qxd4 Qxd4+ 30. Rxd4 g6 31. b5 f5 32. b6 h5 33. a5 f4 34. b7 Rb8 35. a6 g5 36. a7 Rxb7 37. a8Q+ 1-0

[Event "Pforzheim2"]
[Site "Pforzheim"]
[Date "2005.10.30"]
[Round "4"]
[White "Vetter, Ulf"]
[Black "Ohnmacht, Simon"]
[Result "0-1"]
[WhiteElo "1338"]
[BlackElo "1523"]
[PlyCount "50"]
[EventDate "2005.10.29"]
[EventType "tourn"]
[EventRounds "9"]
[EventCountry "GER"]
[SourceTitle "EXT 2007"]
[Source "ChessBase"]
[SourceDate "2006.11.23"]
[SourceVersion "1"]
[SourceVersionDate "2006.11.23"]
[SourceQuality "1"]

1. e4 d5 2. exd5 Nf6 3. Bb5+ Bd7 4. Bxd7+ Qxd7 5. Nc3 Nxd5 6. Nxd5 Qxd5 7. Ne2 Qxg2 8. Ng3 e6 9. d4 Bd6 10. Rf1 Nc6 11. Be3 Bxg3 12. hxg3 0-0-0 13. Qd2 Qf3 14. Qe2 Qxe2+ 15. Kxe2 Nxd4+ 16. Bxd4 Rxd4 17. c3 Rd6 18. Rh1 h6 19. Rh4 Rhd8 20. Rb1 Rd2+ 21. Ke3 R8d3+ 22. Ke4 f5+ 23. Kf4 Rxf2+ 24. Ke5 Re2+ 25. Kf4 g5# 0-1

[Event "Pforzheim2"]
[Site "Pforzheim"]
[Date "2005.10.29"]
[Round "3"]
[White "Ohnmacht, Simon"]
[Black "Waidelich, Dominik"]
[Result "1/2-1/2"]
[WhiteElo "1523"]
[BlackElo "1463"]
[PlyCount "63"]
[EventDate "2005.10.29"]
[EventType "tourn"]
[EventRounds "9"]
[EventCountry "GER"]
[SourceTitle "EXT 2007"]
[Source "ChessBase"]
[SourceDate "2006.11.23"]
[SourceVersion "1"]
[SourceVersionDate "2006.11.23"]
[SourceQuality "1"]

1. f4 d5 2. e3 c5 3. b3 Nc6 4. Bb2 Nf6 5. Bb5 Bd7 6. Nf3 a6 7. Bxc6 Bxc6 8. Ne5 Qc7 9. d3 e6 10. Nd2 Bd6 11. Ndf3 0-0-0 12. Nxc6 Qxc6 13. Ne5 Bxe5 14. Bxe5 Rhg8 15. Rb1 Nd7 16. 0-0 g5 17. b4 gxf4 18. Bxf4 d4 19. e4 e5 20. Bg3 Rdf8 21. bxc5 Qxc5 22. Be1 Qc6 23. Bb4 Nc5 24. Qh5 f5 25. Rxf5 Rxf5 26. Qxf5+ Nd7 27. Qxh7 Rxg2+ 28. Kh1 Rxc2 29. Rg1 Rc1 30. Qg8+ Kc7 31. Qb3 Rxg1+ 32. Kxg1 1/2-1/2

[Event "Pforzheim2"]
[Site "Pforzheim"]
[Date "2005.10.29"]
[Round "2"]
[White "Tiemann, Christoph"]
[Black "Ohnmacht, Simon"]
[Result "0-1"]
[WhiteElo "1166"]
[BlackElo "1523"]
[PlyCount "116"]
[EventDate "2005.10.29"]
[EventType "tourn"]
[EventRounds "9"]
[EventCountry "GER"]
[SourceTitle "EXT 2007"]
[Source "ChessBase"]
[SourceDate "2006.11.23"]
[SourceVersion "1"]
[SourceVersionDate "2006.11.23"]
[SourceQuality "1"]

1. e4 d5 2. exd5 Nf6 3. c4 c6 4. dxc6 Nxc6 5. Nf3 e5 6. Be2 Bc5 7. 0-0 e4 8. Ne1 0-0 9. d3 Be6 10. Nc3 Ne5 11. b3 Bd4 12. Bb2 Bf5 13. dxe4 Nxe4 14. Nf3 Nxf3+ 15. Bxf3 Bxc3 16. Qxd8 Raxd8 17. Bxc3 Nxc3 18. Bxb7 Rd2 19. a3 Rb8 20. Bf3 g6 21. b4 Re8 22. c5 Bd3 23. Rfc1 Ne2+ 24. Bxe2 Rexe2 25. Rf1 Ra2 26. h3 Rxf2 27. Rxa2 Rxa2 28. Rf3 Rxa3 29. Kh2 Kf8 30. Re3 Rc3 31. Kg3 f5 32. c6 f4+ 33. Kxf4 Rc4+ 34. Ke5 Bf5 35. Kd6 Rxb4 36. g4 Bc8 37. Rf3+ Kg7 38. Re3 Rd4+ 39. Kc5 Rf4 40. Re7+ Rf7 41. Rxf7+ Kxf7 42. Kd6 a5 43. Kc5 h5 44. gxh5 gxh5 45. h4 Kg6 46. Kb5 Kf5 47. Kxa5 Kg4 48. Kb6 Kxh4 49. Kc7 Bg4 50. Kd8 Kg3 51. c7 h4 52. c8Q Bxc8 53. Kxc8 h3 54. Kd7 h2 55. Ke6 h1Q 56. Ke5 Qh4 57. Kd5 Kf3 58. Ke5 Qe4+ 0-1

[Event "GER-ch U12"]
[Site "Willingen"]
[Date "2005.05.16"]
[Round "4"]
[White "Schaefer, Alexander1"]
[Black "Ohnmacht, Simon"]
[Result "1-0"]
[WhiteElo "2035"]
[BlackElo "1516"]
[PlyCount "111"]
[EventDate "2005.05.14"]
[EventType "swiss"]
[EventRounds "11"]
[EventCountry "GER"]
[SourceTitle "CBM 106 Extra"]
[Source "ChessBase"]
[SourceDate "2005.07.01"]
[SourceVersion "1"]
[SourceVersionDate "2005.07.01"]
[SourceQuality "1"]

1. d4 d6 2. c4 c6 3. Nc3 Nf6 4. Bg5 e6 5. e3 Be7 6. Nf3 0-0 7. Bd3 d5 8. Qc2 h6 9. Bh4 Nbd7 10. 0-0 dxc4 11. Bxc4 Nb6 12. Bd3 Nfd5 13. Bxe7 Qxe7 14. a3 c5 15. Nxd5 Nxd5 16. Qxc5 Qxc5 17. dxc5 Bd7 18. Rac1 Rac8 19. Ne5 Ba4 20. b4 Rc7 21. Rfe1 Rfc8 22. Nc4 Bb5 23. Ne5 Bxd3 24. Nxd3 b6 25. cxb6 Rxc1 26. Rxc1 Rxc1+ 27. Nxc1 Nxb6 28. Kf1 Kf8 29. Ke2 Ke7 30. Kd3 Kd6 31. Ne2 g6 32. Nc3 h5 33. Nb5+ Ke5 34. Nxa7 f5 35. Nc6+ Kf6 36. Kc3 g5 37. Kb3 f4 38. exf4 gxf4 39. a4 e5 40. a5 Nd5 41. Kc4 Ke6 42. Nd8+ Kd6 43. Nf7+ Ke6 44. Ng5+ Kd6 45. Ne4+ Ke6 46. b5 Nc7 47. b6 Na6 48. Nc5+ Nxc5 49. Kxc5 e4 50. b7 e3 51. fxe3 fxe3 52. b8Q Kf5 53. Kd4 e2 54. Qe5+ Kg4 55. h3+ Kh4 56. Qf4# 1-0